000 00442 a2200121 4500
001 ART_49122
005 20260410161809.0
008 260409a
245 1 0 _aLa verificación concursal de obligaciones a plazo frente a la eliminación del artículo 753 del Código Civil
100 1 _aLorente, Javier A.
700 1 _aMastrovincenzo, Mariana
773 0 _tDoctrina Societaria y Concursal
_g- N° 379 (jun. 2019)
_wREV4298
999 _c21297
_d21297